Kliknij miasta województwa lubelskiego na mapie - Statystyki

Ogólne statystyki
  • Ten quiz został rozwiązany 951 razy
    630 od ostatniego zresetowania
  • Średni wynik to 26 z 58
Odpowiedzi na mapie
Odpowiedzi zakodowano w zielono-czerwonej skali na mapie do tego quizu, zgodnie z poniższymi procentami.
 
Statystyki odpowiedzi
Odpowiedź % Poprawnych
Lublin
85%
Biała Podlaska
80%
Chełm
76%
Zamość
73%
Świdnik
71%
Hrubieszów
67%
Włodawa
66%
Puławy
63%
Terespol
60%
Krasnystaw
58%
Lubartów
58%
Łuków
57%
Łęczna
56%
Biłgoraj
55%
Międzyrzec Podlaski
55%
Kraśnik
52%
Parczew
52%
Radzyń Podlaski
52%
Tomaszów Lubelski
52%
Dęblin
50%
Stoczek Łukowski
50%
Józefów nad Wisłą
46%
Piaski
46%
Opole Lubelskie
45%
Janów Lubelski
44%
Szczebrzeszyn
43%
Ryki
42%
Janów Podlaski
40%
Bychawa
39%
Kazimierz Dolny
39%
Nałęczów
39%
Rejowiec
37%
Rejowiec Fabryczny
37%
Zwierzyniec
37%
Annopol
36%
Izbica
36%
Kock
36%
Ostrów Lubelski
36%
Piszczac
36%
Krasnobród
35%
Bełżyce
34%
Czemierniki
34%
Poniatowa
34%
Wąwolnica
34%
Frampol
33%
Kamionka
33%
Kurów
33%
Lubycza Królewska
33%
Tarnogród
33%
Końskowola
31%
Tyszowce
31%
Siedliszcze
30%
Turobin
30%
Goraj
29%
Urzędów
29%
Józefów
28%
Łaszczów
28%
Modliborzyce
28%
Nie znaleziono quizów pasujących do podanych kryteriów
Rozkład punktacji
Procent ludzi z każdym wynikiem
Percentyl według liczby udzielonych odpowiedzi
Twoja historia wyników
Nie rozwiązałeś tego quizu od ostatniego zresetowania